000 00339nam a2200133Ia 4500
005 20260328101453.0
008 260328s9999||||xx |||||||||||||| ||und||
100 _aRamírez Cáceres, Javier
245 0 _aEspacio y Empresa /
_cJavier Ramírez Cáceres
260 _bEscala
300 _a84 p.
650 _aARQUITECTURA CIVIL
942 _cBK
999 _c8721
_d8721